| 000 | 01395nam a22002537a 4500 | ||
|---|---|---|---|
| 001 | 000689 | ||
| 003 | DO-SdBNP | ||
| 005 | 20160919141118.0 | ||
| 007 | 000689 | ||
| 008 | 151217b 1992 xxu ac 00| 0 spa d | ||
| 040 |
_aBPMSU _bspa _cBPMSU |
||
| 092 |
_axxxxx _bxxxxx |
||
| 100 | 1 |
_aKnight, Juan F. _cDr. |
|
| 240 | 1 | 0 | _aSo you´re a teenager / |
| 245 | 1 | 3 |
_aEl joven moderno y el sexo / _cJuan F. Knight ; traducción Sergio V. Collins |
| 250 | _a2a. ed. | ||
| 260 |
_aMiami Florida, Estados Unidos : _bAsociación publicadora interamericana, _c1992. |
||
| 300 |
_a188 p. : _bil., retrs. ; _c24 cm. |
||
| 505 | 0 |
_tEl sexo, parte de la vida -- _tHechos curiosos acerca de los varones -- _tUn proceso de producción constante -- _tCuando se activan las hormonas -- _tLa anatomía femenina -- _tMaravillas del sexo femenino -- _tEl placer de salir juntos -- _tEl matrimonio: un plan no superado -- _tCómo prepararse para alcanzar el éxito -- _tUn método seguro para estudiar con provecho -- _tRespuestas positivas a los problemas juveniles -- _tEl aumento de las enfermedades sexuales -- _tEl sexo artificial -- _tEl sida -- _t¡Cuidado, no juegue con fuego! -- _tCómo evitar la ruina de los jóvenes -- _tVenza la depresión y las emociones negativas -- _tRecomendaciones finales -- |
|
| 700 | 1 | 2 |
_aCollins, Sergio V. _etr. |
| 910 | _a00260 | ||
| 942 |
_2ddc _cBK |
||
| 956 |
_aYngrid Lockward _b10 |
||
| 999 |
_c11451 _d11451 |
||